Statistiken für NATO Länder Quiz

Klicken Sie hier um das Quiz zu spielen!

Allgemein

  • Dieses Quiz wurde 3,474 mal gespielt
    (187 seit der letzten Aktualisierung)
  • Das Durchschnittsergebnis liegt bei 28 aus 30

Antwortstatistiken

Beitritt Land % Korrekt
1982Spanien
100%
1955Deutschland
99%
1949Frankreich
99%
1949Italien
99%
1949Portugal
98%
1999Polen
98%
1949Vereinigte Staaten
98%
1949Belgien
97%
1949Vereinigtes Königreich
96%
1949Kanada
96%
1949Niederlande
96%
1949Norwegen
95%
1949Dänemark
94%
1952Griechenland
92%
2004Litauen
91%
2004Lettland
91%
1952Türkei
90%
2004Estland
90%
2004Slowakei
90%
1949Luxemburg
89%
2009Kroatien
89%
2004Slowenien
89%
2004Bulgarien
89%
1999Tschechien
89%
1949Island
88%
2004Rumänien
88%
2009Albanien
85%
1999Ungarn
84%
2020Nordmazedonien
79%
2017Montenegro
74%

Verteilung der Resultate

Perzentil nach korrekt beantworteten Fragen

Anzahl Personen mit jedem Resultat

Ihre Resultats-Entwicklung

Sie haben dieses Quiz seit der letzten Aktualisierung nicht gespielt